| 000 | 00519nam a2200217Ia 4500 | ||
|---|---|---|---|
| 003 | 0100 | ||
| 008 | 130303s9999 xx 000 0 und d | ||
| 020 | _a664257607 | ||
| 040 | _cARRUPELIB | ||
| 050 | _aBR470.B971997 | ||
| 100 | _aByrne, James M | ||
| 245 | _aReligion and the enlightenment | ||
| 245 | _bfrom Descartes to Kant | ||
| 260 | _aLouisville | ||
| 260 | _bWestminster John Knox Press | ||
| 260 | _C1997 | ||
| 300 | _axiii | ||
| 300 | _b 253 p. 23 cm | ||
| 700 | _aJames M. Byrne | ||
| 942 | 0 | 0 | _01 |
| 999 |
_c12532 _d12532 |
||